Ein Ritualbuch für Goldamulette und Totenbuch des Month-em-hat /

محفوظ في:

المؤلف الرئيسي: Munro, Irmtraut.

مؤلف مشترك: Universität Bonn. Ägyptisches Museum. L 1647.

مؤلفون آخرون: Fuchs, Robert., Janis, Katrin.

التنسيق: كتاب

اللغة: German

منشور في: Wiesbaden : Harrassowitz, 2003.

سلاسل: Studien zum Altägyptischen Totenbuch ; 7.
SAT ; 7.

الموضوعات:

الوسوم: إضافة وسم

لا توجد وسوم, كن أول من يضع وسما على هذه التسجيلة!

رقم الطلب: PJ1555.1 .S8 v.7

LEADER 01254nam a22003017a 4500
003 OSt
005 20251020123508.0
008 251020t2003 gw a b 000 0 ger d
020 |a 344704778X (pbk.) 
040 |c ARCE Library 
050 1 4 |a PJ1555.1  |b .S8 v.7 
100 1 |a Munro, Irmtraut. 
245 1 4 |a Ein Ritualbuch für Goldamulette und Totenbuch des Month-em-hat /   |c Irmtraut Munro ; mit Beiträgen von Robert Fuchs und Katrin Janis. 
264 1 |a Wiesbaden :   |b Harrassowitz,   |c 2003. 
300 |a x, 64, 13 p. :   |b ill. ;   |c 24 cm.+   |e 1 CD-ROM (4 3/4 in.) 
490 0 |a Studien zum Altägyptischen Totenbuch ;   |v 7. 
490 0 |a SAT ;   |v 7. 
500 |a Includes transcription of papyrus no. L 1647, a collection of amulet and Book of the dead sayings, in the Bonner Sammlung of Aegyptiaca in the Ägyptisches Museum, University of Bonn--Cf. p. [1]. 
504 |a Includes bibliographical references. 
600 0 0 |a Month-em-hat, -- active approximately 670 B.C.-650 B.C. 
650 0 |a Egyptian language -- Papyri, Hieratic. 
650 0 |a Incantations, Egyptian. 
700 1 |a Fuchs, Robert. 
700 1 |a Janis, Katrin. 
710 2 0 |a Universität Bonn. Ägyptisches Museum. L 1647. 
901 |a reviewed 
942 |2 lcc  |c BK 
999 |c 50151  |d 50151